La historia de Israel
Saved in:
| Main Author: | |
|---|---|
| Format: | Book |
| Language: | Spanish |
| Published: |
Bilbao
Desclee de Brouwer
1970
|
| Edition: | 7a. ed |
| Subjects: | |
| Tags: |
Add Tag
No Tags, Be the first to tag this record!
|
MARC
| LEADER | 00000nam a2200000 a 4500 | ||
|---|---|---|---|
| 001 | UCY4866 | ||
| 003 | CL-VaPUC | ||
| 008 | 950404e19700000SP |||||||||||||||||spa|d | ||
| 082 | 0 | 4 | |a 933 |b BRI |2 21 |
| 100 | 0 | |a Bright, John |e author |9 333387 | |
| 245 | 1 | 3 | |a La historia de Israel |
| 250 | |a 7a. ed | ||
| 300 | |a 524 p | ||
| 942 | |c BK | ||
| 945 | |d 19950404 00:00:00 |a aalvarez | ||
| 260 | |a Bilbao |b Desclee de Brouwer |c 1970 | ||
| 650 | 0 | |a Historia |9 255047 | |
| 651 | 0 | |a Israel |9 314378 | |
| 583 | |a last modification |c 19950404 00:00:00 |k Rodrigo Vera | ||
| 999 | |c 232621 |d 232619 | ||
| 952 | |0 0 |1 0 |4 0 |6 933_000000000000000_BRI_1970 |7 0 |8 A |9 237366 |a BIBTEO |b BIBTEO |d 2019-11-15 |i 3072614 |o 933 BRI 1970 |p 3072614 |r 2025-01-17 |w 2019-11-15 |y BK |k ICR | ||
| 952 | |0 0 |1 0 |4 0 |6 933_000000000000000_BRI_1970 |7 0 |8 A |9 237367 |a BIBTEO |b BIBTEO |d 2019-11-15 |i 3072630 |o 933 BRI 1970 |p 3072630 |r 2025-01-17 |w 2019-11-15 |y BK |k ICR | ||
| 952 | |0 0 |1 0 |4 0 |6 933_000000000000000_BRI_1970 |7 0 |8 A |9 237368 |a BIBTEO |b BIBTEO |d 2019-11-15 |i 3072622 |o 933 BRI 1970 |p 3072622 |r 2025-01-17 |w 2019-11-15 |y BK |k ICR | ||